书目信息 |
| 题名: |
单口相声传统作品选
|
|
| 作者: | 张寿臣 著 | |
| 分册: | ||
| 出版信息: | 北京 中国曲艺出版社 1981 |
|
| 页数: | 329页 | |
| 开本: | 21cm | |
| 丛书名: | ||
| 单 册: | ||
| 中图分类: | I239.1 | |
| 科图分类: | ||
| 主题词: | 戏剧文学--剧本--中国 , 相声--中国--现代--选集 | |
| 电子资源: | ||
| ISBN: | ||
| 000 | 00710nam0 2200241 45 | |
| 001 | 0181002189 | |
| 005 | 20060911083346.57 | |
| 010 | @dCNY1.10 | |
| 091 | @a10227.005 | |
| 100 | @a19950630d1981 em y0chiy0121 ea | |
| 101 | 0 | @achi |
| 102 | @aCN@b110000 | |
| 105 | @af z 000by | |
| 200 | 10 | @a单口相声传统作品选@Adan kou xiang sheng chuan tong zuo pin xuan@e插图本@f张寿臣著@Fzhang shou chen zhu |
| 210 | @a北京@c中国曲艺出版社@d1981 | |
| 215 | @a329页@c插图@d21cm | |
| 606 | 0 | @a戏剧文学@x剧本@x中国 |
| 606 | @a相声@y中国@z现代@x选集 | |
| 690 | @aI239.1 | |
| 701 | 0 | @a张寿臣@Azhang shou chen@4著 |
| 801 | 0 | @aCN@b上海图书馆@c20060911 |
| 801 | 2 | @aCN@bNLC@c20060220 |
| 905 | @f1@b53708@dI239.1@e15 | |
| 单口相声传统作品选:插图本/张寿臣著.-北京:中国曲艺出版社,1981 |
| 329页:插图;21cm |
| ISBN :CNY1.10 |
| ● |
| 相关链接 |
|
|
|
|
正题名:单口相声传统作品选
索取号:I239.1/15
 
预约/预借
| 序号 | 登录号 | 条形码 | 馆藏地/架位号 | 状态 | 备注 |
| 1 | 0053707 | 202192386 | 密集书库/ [索取号:I239.1/15] | 在馆 | |
| 2 | 0053708 | 000960669 | 第一样本阅览室/ [索取号:I239.1/15] | 在馆 | |
| 3 | 0475384 | 204753846 | 密集书库/ [索取号:I239.1/15] | 在馆 |